| 000 | 00359nam a22001337a 4500 | ||
|---|---|---|---|
| 008 | 250307b |||||||| |||| 00| 0 eng d | ||
| 020 | _a9780128207888 | ||
| 050 |
_aQA276.45 _b..L64 |
||
| 100 | _aL0ftus Stephen C | ||
| 245 | _aBasic Statistics with R; Reaching Decition with Data | ||
| 260 |
_aLondon _bAcademic Press _c2022 |
||
| 300 | _axix,283p | ||
| 942 | _cBK | ||
| 999 |
_c2168 _d2168 |
||